Never Never (Record no. 9511)

MARC details
000 -LEADER
fixed length control field 00384nam a22001457a 4500
008 - FIXED-LENGTH DATA ELEMENTS--GENERAL INFORMATION
fixed length control field 230406b |||||||| |||| 00| 0 eng d
020 ## - INTERNATIONAL STANDARD BOOK NUMBER
International Standard Book Number 978-0-00-862048-6
082 ## - DEWEY DECIMAL CLASSIFICATION NUMBER
Classification number 813.54
100 ## - MAIN ENTRY--PERSONAL NAME
Personal name Colleen Hoover and Tarryn Fisher
245 ## - TITLE STATEMENT
Title Never Never
260 ## - PUBLICATION, DISTRIBUTION, ETC.
Name of publisher, distributor, etc. HQ, HarperCollins,
Date of publication, distribution, etc. 2015
300 ## - PHYSICAL DESCRIPTION
Extent 393 p.
Dimensions 19.5 cm
942 ## - Added entry Elements (Koha)
Source of classification or shelving scheme Dewey Decimal Classification
Holdings
Withdrawn status Lost status Source of classification or shelving scheme Damaged status Not for loan Collection code Home library Current library Shelving location Date acquired Serial Enumeration / chronology Total Checkouts Total Renewals Full call number Barcode Date last seen Date last checked out Price effective from Koha item type
    Dewey Decimal Classification     Fiction RTC Library RTC Library Fiction 06/04/2023 177332 21 11 FIC 813.54 HOO 30018485 06/05/2026 20/04/2026 06/04/2023 Fiction
Royal Thimphu College || All Right Reserved